Statistiques concernant Les 100 jeux vidéos préférés des Japonais

Cliquez ici pour prendre le quiz!

Statistiques générales

  • Ce quiz a été pris 55 fois
  • Le résultat moyen est 17 sur 100

Statistiques - réponses

N° du classementNom du jeu% Correct
3Final Fantasy VII
44%
90Final Fantasy VIII
44%
84Final Fantasy XI
42%
47Final Fantasy XIV
42%
24Pokémon version Rouge/Pokémon version Verte/Pokémon version Bleue
42%
25Tetris
42%
1The Legend of Zelda: Breath of the Wild
42%
37Final Fantasy IX
40%
9Final Fantasy X
40%
34Final Fantasy V
38%
33Final Fantasy VI
38%
63Final Fantasy III
36%
51Final Fantasy IV
36%
20Minecraft
36%
36Pokémon Or/Pokémon Argent
36%
80The Legend of Zelda: Majora's Mask
36%
17The Legend of Zelda: Ocarina of Time
36%
11Pokémon Diamant/Pokémon Perle
34%
50Pokémon Rubis/Pokémon Saphir
34%
26Pokémon version Noire/Pokémon version Blanche
34%
52The Legend of Zelda
34%
61Super Smash Bros
32%
14Pokémon Epée/Pokémon Bouclier
30%
68Pokémon X/Pokémon Y
30%
77Mario Kart Wii
28%
56Super Mario Galaxy
28%
15Dragon Quest IV: L'épopée des élus
26%
2Dragon Quest V: La Fiancée Céleste
26%
7Super Smash Bros Ultimate
26%
46Dragon Quest II: Le Panthéon des esprits malfaisants
24%
83Dragon Quest VII: La quête des vestiges du monde
24%
85Dragon Quest VI: Le Royaume des songes
24%
91Street Fighter II
24%
10Super Mario Bros 3
24%
58Animal Crossing
22%
6Dragon Quest III
22%
54Dragon Quest VIII: L'odyssée du roi maudit
22%
44Dragon Quest X
22%
79Metal Gear Solid
22%
74Super Smash Bros Brawl
22%
27Dragon Quest XI: Les Combattants de la Destinée
20%
89Super Mario Galaxy 2
20%
49Kingdom Hearts
18%
99Pokémon Platine
18%
60Pokémon version Noire 2/Pokémon version Blanche 2
18%
97Super Mario World
18%
16Kingdom Hearts II
16%
21Splatoon
16%
100Persona 3
14%
98Persona 4
14%
42Persona 5
14%
43Xenoblade
14%
39Dark Souls III
12%
5Splatoon 2
12%
12Super Mario Kart
12%
88The Legend of Zelda: Skyward Sword
12%
22Animal Crossing: New Leaf
10%
86Monster Hunter
10%
70Monster Hunter: World
10%
13UNDERTALE
10%
4Animal Crossing: New Horizons
8%
23Fire Emblem: Three Houses
8%
66Ghost of Tsushima
8%
67Bloodborne
6%
8Chrono Trigger
6%
95MOTHER
6%
65Suikoden
6%
40Xenogears
6%
75Animal Crossing: Wild World
4%
28MOTHER 2
4%
48NieR: Automata
4%
29Okami
4%
64Pokémon Heartgold/Pokémon Soulsilver
4%
19Suikoden II
4%
30Apex Legends
2%
32Biohazard
2%
59Dead by Daylight
2%
87Monster Hunter Generations Ultimate
2%
93Persona 5 Royal
2%
69Super Mario RPG
2%
35Xenoblade 2
2%
81Dragon Quest Builders 2
0%
71Dr.Mario
0%
94Fire Emblem: Genealogy of the Holy War
0%
73Gran Turismo 4
0%
76Kirby Air Ride
0%
45Kirby's Return to Dream Land
0%
72Kirby Super Star
0%
82Legend of Mana
0%
18Metal Gear Solid 3: Snake Eater
0%
41Momotaro Dentetsu: Showa Heisei Reiwa mo Teiban!
0%
92Monster Hunter 4 Ultimate
0%
78Nobunaga's Ambition: Zenkokuban
0%
38Puyo Puyo
0%
96Romance of the Three Kingdoms
0%
57Super Donkey Kong
0%
31Tactics Ogre
0%
53Tales of the Abyss
0%
62Xevious
0%
55Yo Kai Watch 2: Bony Spirits/Fleshy Souls/Psychic Specters
0%

Distribution des résultats

Percentile par nombre de réponses

% des personnes avec chaque résultat

Votre développement - résultats

Vous n’avez pas pris ce quiz